00493nam a2200169Ia 4500999001700000003000400017005001700021008004100038040000900079082002200088100003600110245007300146260003200219300000900251650001300260942005000273 c29235d29235OSt20201229125538.0190216s9999||||xx |||||||||||||| ||und|| coclc a894.812301bBAS/N aBasheer, Vaikom Muhammad 97034 0aNeelavelichavum Mattu Pradhana Kathakalum /cVaikom Muhammad Basheer bDc Books,aKottayam:c2006. a119p aKathakal cBK2ddch894.812301iBAS/Nk894.812301mBAS/N